Verdad y validez /

Guardado en:
Autor Corporativo: UBA.
Formato: Deslizar
Series:Pensamiento científico
Materias:
Etiquetas: Agregar Etiqueta
Sin Etiquetas, Sea el primero en etiquetar este registro!
LEADER 00928ngm a22002655g 4500
001 CEM.cems022473
008 130507b2000##################0###0#####d
005 20241104172052.0
245 1 0 |a Verdad y validez /  |c UBA. 
300 |a 27'. 
490 0 |a Pensamiento científico 
500 |a En soporte VHS, consultar en ventanilla. 
505 0 |a El razonamiento. Lógica natural: su contexto. Errores de lógica. Formas válidas e inválidas de los razonamientos. Verdad y validez. Lógica formal. Reglas de la lógica. 
538 |a Soporte: VHS - Norma: Pal N - Color: Si - Grabación DRD 2000 - Hitachi=5075 
110 2 |a UBA. 
082 3 0 |/ EDU 
653 |a FILOSOFIA 
653 |a LOGICA 
653 |a VERDAD 
653 |a VALIDEZ 
653 |a RAZONAMIENTO 
653 |a LOGICA FORMAL 
653 |a NIVEL PRIMARIO 
653 |a NIVEL SECUNDARIO 
859 |a CEMS  |b BIB. CEMS - Depto. Recursos Didacticos  |h 301  |i EDU  |k DRD  |p 1116.12  |t Ej.1